| 000 | 00425nam a2200181Ia 4500 | ||
|---|---|---|---|
| 008 | 210210b1946 xxu||||| |||| 00| 0 eng d | ||
| 041 | _aeng | ||
| 082 | _a335/231 | ||
| 100 | _aMUNSHI (K M) | ||
| 245 | _aRuin that Britain wrought | ||
| 260 |
_aBombay _bPadma Publications Ltd., _c1946 |
||
| 650 | _awrought | ||
| 650 | _athat | ||
| 650 | _aRuin | ||
| 650 | _aBritain | ||
| 690 | _aIndian Economics | ||
| 906 | _a004573 | ||
| 999 |
_c126534 _d126534 |
||